| 000 | 00740nam a2200217 a 4500 | ||
|---|---|---|---|
| 001 | 65260 | ||
| 003 | BD-RjUL | ||
| 005 | 20211209081413.0 | ||
| 008 | 170302s1955 ii ||||| |||| 00| 0 d | ||
| 035 | _a(BD-RjUL)65390 | ||
| 040 |
_aBD-RjUL _bben _cBD-RjUL |
||
| 041 | _aben | ||
| 082 |
_223 _a891.44 _bMUK 1955 |
||
| 100 | 1 |
_aমুখোপাধ্যায়, সুভাষ _9193179 |
|
| 245 | 1 | 0 |
_aকথার কথা / _cসুভাষ মুখোপাধ্যায় |
| 260 |
_aকলকাতা : _bস্বাক্ষর, _c১৯৫৫ |
||
| 300 |
_a১০৪ পৃ. ; _c১৮ সেমি. |
||
| 650 |
_aবাংলা সাহিত্য _9170454 |
||
| 650 |
_aBengali literature _9188343 |
||
| 942 |
_2ddc _cBK |
||
| 999 |
_c65260 _d65260 |
||